MARC

LEADER 00000nam0a2200000 4500
001 266314
005 20231101234006.0
035 |a (RuTPU)RU\TPU\book\289333 
090 |a 266314 
100 |a 20140707d1986 k y0rusy50 ca 
101 0 |a rus 
102 |a RU 
105 |a a z 001zy 
200 1 |a Исследование технологии изготовления и монтажа резервуаров и трубопроводов  |e сборник научных трудов  |f Всесоюзный научно-исследовательский институт по монтажным и специальным строительным работам ; под ред. Б. В. Поповского , Р. И. Тавастшерны 
210 |a Москва  |c ОНТИ  |d 1986 
215 |a 114 с.  |c ил. 
320 |a Библиография в конце статей 
606 1 |a Трубопроводы стальные  |x Прокладка и монтаж  |2 stltpush  |3 (RuTPU)RU\TPU\subj\71956  |9 85614 
610 1 |a стальные резервуары 
610 1 |a конструктивные элементы 
610 1 |a пневматические укрытия 
610 1 |a применение 
610 1 |a испытания 
610 1 |a трубные соединения 
610 1 |a прочность 
610 1 |a сварные соединения 
610 1 |a прочность 
610 1 |a сопротивление 
610 1 |a расчет 
610 1 |a детали 
610 1 |a несущая способность 
675 |a 621.644  |v 4 
702 1 |a Поповский  |b Б. В.  |4 340 
702 1 |a Тавастшерна  |b Р. И.  |4 340 
712 0 2 |a Всесоюзный научно-исследовательский институт по монтажным и специальным строительным работам  |2 stltpush  |3 (RuTPU)RU\TPU\col\12662  |9 25494 
801 1 |a RU  |b 63413507  |c 20140707 
801 2 |a RU  |b 63413507  |c 20151102  |g RCR 
942 |c BK